Statistics for Top 15 Countries with Covid-19 Cases - 10 May

Click here to take the quiz!

General Stats

  • This quiz has been taken 24 times
  • The average score is 16 of 24

Answer Stats

country% Correct
China
100%
France
100%
Italy
100%
Germany
95%
United Kingdom
95%
United States
95%
Spain
91%
Canada
82%
Russia
82%
Brazil
77%
Iran
73%
Netherlands
73%
Belgium
68%
India
68%
Ireland
68%
Sweden
68%
Turkey
68%
Portugal
59%
Switzerland
50%
Peru
27%
Singapore
23%
Bahrain
14%
Belarus
14%
Qatar
14%

Score Distribution

Percentile by Number Answered

Percent of People with Each Score

Your Score History

You have not taken this quiz